Tour de France 2017-Classement général - Statistiques

Statistiques générales
  • Ce quiz a été pris 205 fois
  • Le résultat moyen est 11 sur 15
Statistiques - réponses
Rang Nationalité Équipe Nom Écart % Correct
3 France AG2R Bardet + 2min 20s
100%
1 Royaume-Uni Sky Froome 86h 20min 55s
100%
12 Colombie Movistar Quintana + 15min 28s
95%
2 Colombie Cannondale Uran + 54s
93%
10 France Sunweb Barguil + 9min 25s
89%
6 Irlande Quick-Step Martin + 4min 42s
88%
7 Royaume-Uni Orica-Scott Yates + 6min 14s
87%
5 Italie Astana Aru + 3min 05s
85%
4 Espagne Sky Landa + 2min 21s
84%
8 Afrique du Sud UAE Meintjes + 8min 20s
76%
9 Espagne Trek-Segafredo Contador + 8min 49s
68%
15 Allemagne Bora Buchmann + 33min 21s
60%
11 Italie BMC Caruso + 14min 48s
51%
14 Espagne Sky Nieve + 25 min 28s
33%
13 France AG2R Vuillermoz + 24min 38s
33%
Aucun quiz correspondant
Distribution des résultats
% des personnes avec chaque résultat
Percentile par nombre de réponses
Votre historique - résultats
Vous n’avez pas pris ce quiz